| 000 | 00537nam a2200157 i 4500 | ||
|---|---|---|---|
| 001 | 68763 | ||
| 003 | ES-MaACL | ||
| 005 | 20251011063113.0 | ||
| 007 | t| | ||
| 008 | 040707s1868 sp ||||1| spa d | ||
| 100 | 0 |
_aZamora, Antonio, _dS. XIX _9117931 |
|
| 245 | 1 | 3 |
_aUn artículo del código _b: drama en tres actos, arreglado a la escena española / _cAntonio Zamora. |
| 260 |
_aMadrid : _b[s.n.], _c1868 ( _fImp. de J. Rodríguez) |
||
| 852 |
_aES-MaACL _jD-2521(5) _q. - Encuadernado con otras obras |
||
| 999 |
_c68763 _d68763 |
||